000 00557nam a22002177a 4500
003 UA-OsUOA
001 43350
007 ta
008 20090622b un ||||| |||| 00| 0 ukr d
100 _aВінанді П.
090 _a282
_bВ55
942 _cBK
040 _aUA-OsUOA
_bukr
_cUA-OsUOA
_dUA-OsUOA
245 _aПояви діви убогих в Бане
300 _a50 с.
955 _a4
041 _aukr
080 _a282
650 7 _a282 Римсько-католицька церква (Західна церква)
_2UDC
999 _c441826
_d441826